[Event "GER-ch U25-B"]
[Site "Willingen"]
[Date "2023.06.02"]
[Round "8"]
[White "Groessing, Daniel Yosuke"]
[Black "Pimenov, Danil"]
[Result "0-1"]
[WhiteElo "1615"]
[BlackElo "1488"]
[PlyCount "77"]
[EventDate "2023.05.27"]
[EventType "swiss"]
[EventRounds "9"]
[EventCountry "GER"]
[SourceTitle "CBM 214 Extra"]
[Source "ChessBase"]
[SourceDate "2023.07.31"]
[SourceVersion "1"]
[SourceVersionDate "2023.07.31"]
[SourceQuality "1"]

1. d4 Nf6 2. Nf3 g6 3. c4 Bg7 4. Nc3 0-0 5. e4 d6 6. h3 e5 7. d5 a5 8. Bg5 h6 9. Be3 Na6 10. Be2 Nc5 11. Nd2 Ne8 12. 0-0 f5 13. f3 f4 14. Bf2 g5 15. a3 b6 16. b4 axb4 17. axb4 Rxa1 18. Qxa1 Nd7 19. Qa7 Ndf6 20. Qa8 Nh5 21. Nb5 Ng3 22. Bxg3 fxg3 23. Ra1 g4 24. Na7 Qg5 25. Nxc8 Qxd2 26. Qa2 Qe3+ 27. Kh1 gxh3 28. Rf1 hxg2+ 29. Kxg2 Nf6 30. Ne7+ Kh7 31. Nf5 Qg5 32. Rh1 Nh5 33. Rxh5 Qxh5 34. Nxg3 Qg5 35. Qa7 Rf7 36. c5 bxc5 37. b5 Qg6 38. Kf2 c6 39. dxc6 0-1

[Event "GER-ch U25-B"]
[Site "Willingen"]
[Date "2023.06.01"]
[Round "7"]
[White "Pimenov, Danil"]
[Black "Goetz, Timon"]
[Result "1-0"]
[WhiteElo "1488"]
[BlackElo "1570"]
[PlyCount "63"]
[EventDate "2023.05.27"]
[EventType "swiss"]
[EventRounds "9"]
[EventCountry "GER"]
[SourceTitle "CBM 214 Extra"]
[Source "ChessBase"]
[SourceDate "2023.07.31"]
[SourceVersion "1"]
[SourceVersionDate "2023.07.31"]
[SourceQuality "1"]

1. e4 c5 2. Nf3 e6 3. d4 cxd4 4. Nxd4 Nc6 5. Nc3 Qc7 6. Be3 a6 7. Nxc6 bxc6 8. Qf3 Bd6 9. 0-0-0 Nf6 10. g4 h5 11. gxh5 Nxh5 12. Bd3 Be5 13. Rhg1 Nf4 14. Ne2 Nxe2+ 15. Bxe2 Rb8 16. Bd4 Bxd4 17. Rxd4 Qb6 18. Qc3 Rxh2 19. Rxg7 Rh3 20. f3 Rh8 21. e5 c5 22. Rf4 Rf8 23. b3 Bb7 24. Qd2 a5 25. Bd3 Bd5 26. Bg6 Kd8 27. c4 Bc6 28. Qd6 Rh8 29. Rfxf7 Rh1+ 30. Kb2 Rh2+ 31. Bc2 a4 32. Rf8# 1-0

[Event "GER-ch U12"]
[Site "Willingen"]
[Date "2022.06.10"]
[Round "8"]
[White "Pimenov, Danil"]
[Black "Polzin, Gustav"]
[Result "0-1"]
[WhiteElo "1337"]
[BlackElo "1658"]
[PlyCount "100"]
[EventDate "2022.06.04"]
[EventType "swiss"]
[EventRounds "9"]
[EventCountry "GER"]
[SourceTitle "CBM 208 Extra"]
[Source "ChessBase"]
[SourceDate "2022.07.31"]
[SourceVersion "1"]
[SourceVersionDate "2022.07.31"]
[SourceQuality "1"]

1. e4 c5 2. Nf3 e6 3. d4 cxd4 4. Nxd4 a6 5. Nc3 Qc7 6. f4 d6 7. Be2 b5 8. Bf3 Bb7 9. Be3 Nd7 10. 0-0 Ngf6 11. a3 Be7 12. Qd2 0-0 13. Rae1 Nc5 14. Bf2 Rfd8 15. Nb3 Nxb3 16. cxb3 d5 17. e5 Ne4 18. Bxe4 dxe4 19. Qe2 b4 20. Nxe4 Qc6 21. Qg4 a5 22. Nf6+ Bxf6 23. exf6 g6 24. Re5 Rd5 25. Kh1 Rd2 26. Rg5 Rxf2 27. Rg1 Rxg2 28. Qxg2 Qb6 29. h4 Bxg2+ 30. R1xg2 Rd8 31. h5 Rd1+ 32. Kh2 Qe3 33. hxg6 Qxf4+ 34. R5g3 Qh4+ 35. Rh3 Rh1+ 36. Kxh1 Qxh3+ 37. Kg1 fxg6 38. Rf2 Kf7 39. axb4 axb4 40. Rh2 Qxb3 41. Rxh7+ Kxf6 42. Rh2 g5 43. Rf2+ Kg6 44. Kg2 g4 45. Kg1 g3 46. Rf1 Kg5 47. Kg2 Kg4 48. Kh1 Kh3 49. Rf2 Qd1+ 50. Rf1 Qxf1# 0-1

[Event "GER-ch U12"]
[Site "Willingen"]
[Date "2022.06.08"]
[Round "6"]
[White "Pimenov, Danil"]
[Black "Skembris, Simon Max"]
[Result "1/2-1/2"]
[WhiteElo "1337"]
[BlackElo "1413"]
[PlyCount "123"]
[EventDate "2022.06.04"]
[EventType "swiss"]
[EventRounds "9"]
[EventCountry "GER"]
[SourceTitle "CBM 208 Extra"]
[Source "ChessBase"]
[SourceDate "2022.07.31"]
[SourceVersion "1"]
[SourceVersionDate "2022.07.31"]
[SourceQuality "1"]

1. e4 c5 2. Nf3 Nc6 3. d4 cxd4 4. Nxd4 Qb6 5. Nb3 Nf6 6. Nc3 e6 7. Be3 Qc7 8. Be2 Bb4 9. f3 d5 10. Qd3 dxe4 11. fxe4 0-0 12. 0-0 Ne5 13. Qb5 Bxc3 14. bxc3 Bd7 15. Qb4 Bc6 16. Bd3 Nfg4 17. Bf4 a5 18. Qc5 b6 19. Bxe5 Qxe5 20. Qxe5 Nxe5 21. Nd4 Rfd8 22. Rab1 Rab8 23. Nxc6 Nxc6 24. Kf2 Ne5 25. Ke3 g6 26. Rb5 Nd7 27. g4 Rdc8 28. c4 Rc5 29. Rfb1 Rbc8 30. Rxc5 Rxc5 31. Rb5 Rxb5 32. cxb5 f6 33. Bc4 Kf7 34. h4 Ne5 35. Be2 Ke7 36. Kd4 Kd6 37. c3 Nd7 38. a3 e5+ 39. Ke3 Kc5 40. a4 Nf8 41. Bf1 Ne6 42. Be2 Nc7 43. Kd3 Ne8 44. Bd1 Nd6 45. Bb3 g5 46. h5 h6 47. Bd5 Ne8 48. Bc6 Nc7 49. Kc2 Ne6 50. Bd5 Nf4 51. Bb3 Nh3 52. Be6 Nf4 53. Bb3 Kd6 54. Kd2 Nh3 55. Ke3 Kc5 56. Be6 Nf4 57. Bb3 Kd6 58. Kd2 Ne6 59. Bxe6 Kxe6 60. Kd3 Kd7 61. Ke3 Kd6 62. Ke2 1/2-1/2

[Event "GER-ch U12"]
[Site "Willingen"]
[Date "2022.06.06"]
[Round "3"]
[White "Korchynskyi, Mykola"]
[Black "Pimenov, Danil"]
[Result "1-0"]
[WhiteElo "1723"]
[BlackElo "1337"]
[PlyCount "71"]
[EventDate "2022.06.04"]
[EventType "swiss"]
[EventRounds "9"]
[EventCountry "GER"]
[SourceTitle "CBM 208 Extra"]
[Source "ChessBase"]
[SourceDate "2022.07.31"]
[SourceVersion "1"]
[SourceVersionDate "2022.07.31"]
[SourceQuality "1"]

1. d4 Nf6 2. c4 g6 3. Nc3 d5 4. Bf4 Bg7 5. Nf3 0-0 6. e3 c5 7. dxc5 Qa5 8. Rc1 Rd8 9. Qb3 Qxc5 10. Be5 Nc6 11. Bxf6 Bxf6 12. cxd5 Bxc3+ 13. Rxc3 Qxd5 14. Bc4 Qf5 15. 0-0 Na5 16. Qb4 Nxc4 17. Rxc4 b6 18. Qxe7 Ba6 19. Rf4 Qd5 20. Rd4 Bxf1 21. Rxd5 Rxd5 22. Kxf1 Ra5 23. Ne5 Rf8 24. a3 Rb5 25. b4 a5 26. h4 axb4 27. axb4 Rd5 28. Nd7 Rxd7 29. Qxd7 Kg7 30. Qd4+ f6 31. Qxb6 Rf7 32. b5 h5 33. Qe6 Rb7 34. b6 Rf7 35. Qxf7+ Kxf7 36. b7 1-0

[Event "GER-chT U12"]
[Site "Naumburg Saale"]
[Date "2022.03.27"]
[Round "5.4"]
[White "Pimenov, Danil"]
[Black "Detjen, Mattes"]
[Result "1-0"]
[WhiteElo "1227"]
[BlackElo "1124"]
[PlyCount "82"]
[EventDate "2022.03.25"]
[EventType "team-swiss"]
[EventRounds "6"]
[EventCountry "GER"]
[SourceTitle "EXT 2023"]
[Source "ChessBase"]
[SourceDate "2022.10.05"]
[SourceVersion "1"]
[SourceVersionDate "2022.10.05"]
[SourceQuality "1"]
[WhiteTeam "Lichtenberg Borussia"]
[BlackTeam "Werder Bremen"]
[WhiteTeamCountry "GER"]
[BlackTeamCountry "GER"]

1. e4 e5 2. Nf3 Nc6 3. d4 exd4 4. Bc4 Nf6 5. e5 Ne4 6. 0-0 d5 7. Bb5 Bd7 8. Bxc6 Bxc6 9. Nxd4 Qd7 10. f3 Nc5 11. Be3 Ne6 12. Nd2 Bc5 13. N2b3 Bb6 14. f4 0-0 15. f5 Nxd4 16. Bxd4 Bxd4+ 17. Nxd4 Rae8 18. Qe1 Re7 19. Qg3 f6 20. e6 Qe8 21. Rf4 b6 22. b4 Bb7 23. b5 c5 24. bxc6 Bxc6 25. Rf3 Bb7 26. a4 Qh5 27. Qd6 Rfe8 28. Raa3 Qh4 29. Qb4 Rc7 30. Qd2 Ba6 31. Rf4 Qg5 32. Rg3 Qh6 33. c3 Rc4 34. Rh3 Qg5 35. g4 g6 36. Kf2 Rxa4 37. Kg3 Bc4 38. Nf3 Ra2 39. Qd4 Bf1 40. Nxg5 Bxh3 41. Nxh3 g5 1-0

[Event "GER-ch U18 sf Berlin Online"]
[Site "Playchess.com INT"]
[Date "2020.05.01"]
[Round "3"]
[White "Faerber, David"]
[Black "Pimenov, Danil"]
[Result "1-0"]
[WhiteElo "1793"]
[BlackElo "1620"]
[PlyCount "31"]
[EventDate "2020.05.01"]
[EventType "swiss (blitz)"]
[EventRounds "13"]
[EventCountry "GER"]
[SourceTitle "CBM 195 Extra"]
[Source "ChessBase"]
[SourceDate "2020.05.31"]
[SourceVersion "1"]
[SourceVersionDate "2020.05.31"]
[SourceQuality "1"]

1. e4 e6 2. d4 d5 3. Nd2 Be7 4. e5 c5 5. c3 Nc6 6. Bd3 cxd4 7. cxd4 Nxd4 8. Qg4 Nf5 9. Bxf5 exf5 10. Qxg7 Be6 11. Qxh8 f6 12. Ngf3 fxe5 13. Qxe5 Qd7 14. 0-0 Nf6 15. Re1 Bf7 16. Qxf6 1-0